| 000 | 00686nam a22002057a 4500 | ||
|---|---|---|---|
| 999 |
_c179749 _d179749 |
||
| 005 | 20210716100912.0 | ||
| 010 | _aB-740582 | ||
| 020 | _c295.00 | ||
| 035 | _aB-740582 | ||
| 037 | _bGift | ||
| 082 | _a443.62 | ||
| 245 |
_aEnglish-Gujarati dictionary / _ccompiled by N.R. Ranina |
||
| 260 |
_aNew Delhi _bStar Publications _c2005 |
||
| 270 |
_a4/58, Asaf Ali Road _bNew Delhi _e110002 |
||
| 300 |
_a639p. _c22cm(Hb) |
||
| 505 | _aover 20,000 English words translated into Gujarati | ||
| 700 | _aN.R. Ranina | ||
| 942 |
_2ddc _cRF _h443.62 _mENG |
||